Sporcler on the Roof Quiz Stats

 Plays Quiz Updated May 25, 2012

Challenge
Share
Tweet
Embed
Score 0/20 Timer 05:00
0 Plays Today
% Correct
The Phantom of the Opera
95%
Les Misérables
92.4%
Cats
90.3%
Fiddler on the Roof
89%
The Lion King
84.2%
Chicago
84.1%
Rent
75.1%
My Fair Lady
73.7%
Grease
73.5%
Mamma Mia!
71.9%
% Correct
A Chorus Line
71.7%
Wicked
69.9%
Beauty and the Beast
68.9%
Hello, Dolly!
59.9%
Miss Saigon
56%
Jersey Boys
54.1%
42nd Street
53.2%
Oh! Calcutta!
25.9%
Tobacco Road
16.4%
Life with Father
15.6%

You're not logged in!

Compare scores with friends on all Sporcle quizzes.
Join for Free
OR
Log In

You Might Also Like...

Show Comments

Extras

Top Quizzes Today


Score Distribution

Your Account Isn't Verified!

In order to create a playlist on Sporcle, you need to verify the email address you used during registration. Go to your Sporcle Settings to finish the process.

Report this User

Report this user for behavior that violates our Community Guidelines.

Details: